Food and Drinks in Emojis - Italian - Statistics

General Stats
  • This quiz has been taken 28 times
  • The average score is 39 of 114
Answer Stats
HINT ANSWER % Correct
๐Ÿ Ananas
72%
๐ŸŒ Banana
72%
๐ŸŠ Mandarino
72%
๐ŸŽ Mela Rossa
72%
๐Ÿ Pera
72%
๐Ÿฟ Popcorn
72%
๐Ÿ Spaghetti
72%
๐Ÿ‡ Uva
72%
๐Ÿฅฆ Broccoli
67%
๐Ÿ‹ Limone
67%
๐Ÿž Pane in Cassetta
67%
๐Ÿฃ Sushi
67%
๐Ÿง„ Aglio
61%
๐Ÿท Bicchiere di Vino
61%
๐Ÿช Biscotto
61%
๐Ÿฅ• Carota
61%
๐Ÿง… Cipolla
61%
๐Ÿฅ” Patata
61%
๐Ÿ‘ Pesca
61%
๐Ÿง‚ Sale
61%
๐Ÿฅ› Bicchiere di Latte
56%
๐Ÿฅฅ Cocco
56%
๐Ÿง€ Fetta di Formaggio
56%
๐Ÿ“ Fragola
56%
๐Ÿฅ Kiwi
56%
๐Ÿฅญ Mango
56%
๐Ÿฅง Torta
56%
๐Ÿ‰ Anguria
50%
๐Ÿฅ‘ Avocado
50%
๐Ÿ— Coscia di Pollo
50%
๐Ÿฅ Croissant
50%
๐Ÿ† Melanzana
50%
๐Ÿ• Pizza
50%
๐Ÿ… Pomodoro
50%
๐Ÿฅš Uovo
50%
๐Ÿฏ Barattolo di Miele
44%
โ˜• Bevanda Calda
44%
๐Ÿบ Boccale di Birra
44%
๐Ÿป Boccali di Birra
44%
๐Ÿซ Cioccolato
44%
๐Ÿฅ— Insalata Verde
44%
๐Ÿ Mela Verde
44%
๐Ÿˆ Melone
44%
๐ŸŸ Patatine
44%
๐Ÿš Riso Bollito
44%
๐Ÿฅช Sandwich
44%
๐ŸŒฎ Taco
44%
๐Ÿฅ– Baguette
39%
๐Ÿฅฃ Ciotola con Cucchiaio
39%
๐Ÿ”ช Coltello da Cucina
39%
๐Ÿฅ„ Cucchiaio
39%
๐Ÿง Cupcake
39%
๐Ÿ” Hamburger
39%
๐ŸŒญ Hot Dog
39%
๐ŸŒฏ Burrito
33%
๐Ÿงˆ Burro
33%
๐Ÿฌ Caramella
33%
๐Ÿ– Carne
33%
๐Ÿฅ’ Cetriolo
33%
๐Ÿ’ Ciliegie
33%
๐Ÿธ Cocktail
33%
๐ŸŒถ๏ธ Peperoncino
33%
๐ŸŒฐ Castagna
28%
๐Ÿฉ Ciambella
28%
๐Ÿด Forchetta e Coltello
28%
๐Ÿฅž Pancake
28%
๐Ÿฅ“ Pancetta
28%
๐Ÿฅจ Pretzel
28%
๐ŸฅŸ Raviolo
28%
๐ŸŽ‚ Torta di Compleanno
28%
๐Ÿฅœ Arachidi
22%
๐Ÿฑ Bento Box
22%
๐Ÿผ Biberon
22%
๐Ÿฅ  Biscotto della Fortuna
22%
๐Ÿฆ Cono Gelato
22%
๐Ÿจ Coppa di Gelato
22%
๐Ÿฐ Fetta di Torta
22%
๐Ÿญ Lecca Lecca
22%
๐Ÿ› Riso al Curry
22%
๐Ÿฅฉ Taglio di Carne
22%
๐Ÿฅฌ Verdure a Foglia
22%
๐Ÿง‡ Waffle
22%
๐Ÿฅข Bacchette
17%
๐Ÿฅฏ Bagel
17%
๐Ÿณ Cucinare
17%
๐Ÿง† Falafel
17%
๐Ÿค Gambero Fritto
17%
๐Ÿง Granita
17%
๐Ÿ™ Onigiri
17%
๐ŸŒฝ Pannocchia
17%
๐Ÿฎ Budino
11%
๐Ÿถ Sakรจ
11%
๐Ÿบ Anfora
6%
๐Ÿฅ‚ Brindisi
6%
๐Ÿน Cocktail Tropicale
6%
๐Ÿฅก Confezione da Asporto
6%
๐Ÿง‰ Mate
6%
๐Ÿฅ˜ Padella con Cibo
6%
๐Ÿฒ Pentola di Cibo
6%
๐Ÿฝ๏ธ Piatto e Posate
6%
๐Ÿฅ™ Pita Farcita
6%
๐Ÿงƒ Bevanda Monodose
0%
๐Ÿฅค Bicchiere con Cannuccia
0%
๐Ÿฅƒ Bicchiere Tumbler
0%
๐Ÿพ Bottiglia Stappata
0%
๐Ÿฅซ Cibo in Scatola
0%
๐Ÿœ Ciotola Fumante
0%
๐Ÿก Dango
0%
๐Ÿ˜ Galletta di Riso
0%
๐Ÿข Oden Giapponese
0%
๐Ÿ  Patata Dolce Arrosto
0%
๐Ÿต Tazza da Tรจ senza Manico
0%
๐Ÿฅฎ Torta della Luna
0%
๐Ÿฅ Tortino di Pesce a Spirale
0%
No matching quizzes found
Score Distribution
Percent of People with Each Score
Percentile by Number Answered
Your Score History
You have not taken this quiz